Statistics for Kings of Scotland

Click here to take the quiz!

General Stats

  • This quiz has been taken 470 times
    (468 since last reset)
  • The average score is 28 of 48

Answer Stats

Years of Reign Name % Correct
1513-1542James V
97%
1488-1513James IV
97%
1685-1688James VII
97%
1406-1437James I
97%
1437-1460James II
97%
1567-1625James VI
97%
1460-1488James III
97%
1306-1329Robert I
85%
1371-1390Robert II
85%
1390-1406Robert III
85%
1165-1214William I
85%
1689-1702William II
85%
1625-1649Charles I
84%
1649-1651Charles II
84%
1660-1685Charles II
84%
1542-1567Mary I
80%
1689-1694Mary II
80%
1292-1296John Balliol
74%
1702-1707Anne
67%
1040-1057Macbeth
64%
1124-1153David I
61%
1153-1165Malcolm IV
61%
943-954Malcolm I
61%
1058-1093Malcolm III
61%
1005-1034Malcolm II
61%
1329-1371David II
60%
1107-1124Alexander I
58%
1214-1249Alexander II
58%
1249-1286Alexander III
58%
1034-1040Duncan I
54%
977-995Kenneth II
45%
997-1005Kenneth III
45%
843-858Kenneth MacAlpin I
45%
858-862Donald I
40%
1093-1097Donald III
40%
889-900Donald II
40%
1286-1290Margaret
32%
900-943Constantine II
32%
862-877Constantine I
32%
995-997Constantine III
32%
1057-1058Lulach
21%
1097-1107Edgar
21%
962-967Dub
17%
877-878Áed
17%
878-889Giric
16%
967-971Cuilén
12%
954-962Indulf
12%
971-977Amlaíb
10%

Score Distribution

Percentile by Number Answered

Percent of People with Each Score

Your Score History

You have not taken this quiz since the last reset